| 000 | 01381cam a22003015a 4500 | ||
|---|---|---|---|
| 999 |
_c27233 _d27204 |
||
| 001 | 16794573 | ||
| 005 | 20190314122831.0 | ||
| 008 | 110524s2012 nyua frb 001 0 eng d | ||
| 010 | _a 2011015004 | ||
| 020 | _a9780071326483 (pbk.) | ||
| 020 | _a0071326480 (pbk.) | ||
| 040 |
_aDLC _beng _cDLC _dDLC _dEG-ScBUE |
||
| 082 | 0 | 4 |
_a620.0078 _bHOL _222 |
| 100 | 1 |
_aHolman, J. P. _q(Jack Philip) _934963 |
|
| 245 | 1 | 0 |
_aExperimental methods for engineers / _cJ. P. Holman. |
| 250 | _a8th ed., International ed. | ||
| 260 |
_aNew York : _bMcGraw-Hill Education, _c2012. |
||
| 300 |
_axix, 739 p. : _bill. ; _c25 cm. |
||
| 490 | 0 | _aMcGraw-Hill series in mechanical engineering | |
| 504 | _aIncludes bibliographical references and index. | ||
| 520 | _a"Experimental Methods for Engineers offers the broadest range of experimental measurement techniques available for mechanical and general engineering applications. Offering clear descriptions of the general behavior of different measurement techniques, such as pressure, flow, and temperature, the text emphasizes the use of uncertainty analysis and statistical data analysis in estimating the accuracy of measurements." | ||
| 650 | 7 |
_aEngineering _vLaboratory manuals. _2BUEsh |
|
| 650 | 7 |
_aEngineering instruments. _2BUEsh _929415 |
|
| 651 | _2BUEsh | ||
| 653 |
_bENGCHE _cMarch2019 |
||
| 655 | _vReading book | ||
| 942 | _2ddc | ||